| 000 | 00576nam a2200193 i 4500 | ||
|---|---|---|---|
| 001 | 18500 | ||
| 003 | ES-MaACL | ||
| 005 | 20250915063031.0 | ||
| 007 | t| | ||
| 008 | 020111q1987 sp ||||1| spa d | ||
| 080 | _a929 Montero Ríos, Eugenio | ||
| 100 | 1 |
_aMartínez Val, José María, _d1916- _978455 |
|
| 245 | 1 | 0 |
_aSemblanza de Montero Ríos / _cJosé María Martínez Val. |
| 260 |
_a[Madrid? : _bs.n., _c1987?] |
||
| 300 |
_ap. [199]-208 ; _c23 cm. |
||
| 600 | 1 | 4 |
_aMontero Ríos, Eugenio, _d1832-1914 _982537 |
| 852 |
_aES-MaACL _j2167-F-10 |
||
| 999 |
_c18500 _d18500 |
||